Colombia País de sabios / (Registro nro. 37503)

Detalles MARC
000 -CABECERA
Longitud fija campo de control 00631nam a2200217 4500
003 - • IDENTIFICADOR DELl NÚMERO DE CONTROL
Identificador del número de control CO-ViMGA
005 - • FECHA Y HORA DE LA ÚLTIMA TRANSACCIÓN
Fecha y hora de la última transacción 20250801162558.0
020 ## - • NÚMERO INTERNACIONAL NORMALIZADO PARA LIBROS
Número Internacional Normalizado para Libros (ISBN) 9789589952047
040 ## - FUENTE DE LA CATALOGACIÓN
Centro catalogador de origen CO-ViMGA
Lengua de catalogación spa
Centro transcriptor CO-ViMGA
082 04 - • NÚMERO DE LA CLASIFICACIÓN DECIMAL DEWEY
Número de clasificación (R) 920
Número del ítem M64c
100 1# - • PUNTO DE ACCESO PRINCIPAL-NOMBRE DE PERSONA
Nombre de persona Mojica García, Rafael
245 10 - • TITULO PROPIAMENTE DICHO
Título Colombia País de sabios /
Resto del título Reseña de Científicos
Mención de responsabilidad, etc. Rafael Mojica García
300 ## - • DESCRIPCIÓN FÍSICA
Extensión 324 p. :
Otras características físicas Il, dibujos; 28 cm
490 ## - • MENCIÓN DE SERIE
Designación de volumen o secuencia 139
500 ## - • NOTA GENERAL
Nota general Apéndice, Bibliografía y contenido.
650 14 - • PUNTO DE ACCESO ADICIONAL DE MATERIA - TÉRMINO DE MATERIA
Término de materia o nombre geográfico como elemento inicial Biografía.
942 ## - ENTRADA DE ELEMENTOS AGREGADOS (KOHA)
Fuente de clasificaión o esquema Dewey Decimal Classification
Koha [por defecto] tipo de item LIbro
Existencias
Perdido Fuente de clasificación o esquema Estado Físico No para préstamo Forma de adquisición Localización permanente Localización actual Fecha adquisición Préstamos totales Signatura completa Código de barras Fecha última consulta Número de copia Fecha del precio de reemplazo Tipo de item de Koha
  Dewey Decimal Classification     Sala General Segundo Piso Biblioteca Pública Germán Arciniegas - Villavicencio Biblioteca Pública Germán Arciniegas - Villavicencio 09/22/2016   920 M64c 31135 09/21/2022 Ej. 1 09/22/2016 LIbro









Instituto Departamental de Cultura del Meta - Red Departamental de Bibliotecas Públicas del Meta.